| 000 | 00680nam a2200217 u 4500 | ||
|---|---|---|---|
| 005 | 20220519063938.0 | ||
| 008 | 100518s2004 mx r 000 0 spa d | ||
| 020 | _a9700914941 (10 dígitos) | ||
| 020 | _a9789700914930 (13 dígitos) | ||
| 035 | _aUPN01000175929 | ||
| 049 | _aI | ||
| 050 | 4 |
_aPZ78 _bO7.3 |
|
| 100 | 1 |
_aOrtiz, Orlando, _d1945- _934860 |
|
| 245 | 1 | 0 |
_aEn las fauces del terror / _cOrlando Ortiz ; il. Claudia de Teresa. |
| 260 |
_aMéxico : _bNorma, _b2006. |
||
| 300 |
_a111 p. : _bil. |
||
| 440 | 0 |
_aTorre de papel. _pAmarilla |
|
| 650 | 0 |
_aLiteratura juvenil mexicana _915848 |
|
| 650 | 4 |
_aCUENTOS DE TERROR - _vLITERATURA JUVENIL _96755 |
|
| 905 | _aInfantil | ||
| 999 |
_c148032 _d148032 |
||